Best-Selling Video Game Franchises - Statistics

General Stats
  • This quiz has been taken 59 times
  • The average score is 16 of 50
Answer Stats
Rank Answer Sales (million) % Correct
1 Mario 893.5
92%
3 Call of Duty 500
85%
6 Minecraft 350
85%
5 Grand Theft Auto 465
79%
16 Sonic the Hedgehog 140
72%
17 The Legend of Zelda 133
67%
7 FIFA 325
59%
4 Pokémon 489
59%
33 Halo 81
56%
14 Madden NFL 150
51%
45 Street Fighter 58
49%
13 NBA 2K 170
46%
30 Battlefield 88.7
41%
2 Tetris 520
41%
21 Mortal Kombat 100
38%
12 Resident Evil 183
38%
43 Tekken 61
38%
9 Final Fantasy 204
36%
40 God of War 66
36%
14 Need for Speed 150
36%
50 Pac-Man 48
36%
20 Red Dead 110
36%
9 Wii 204
36%
32 Donkey Kong 82
33%
8 Assassin's Creed 230
31%
39 Animal Crossing 70
28%
41 Metal Gear 65.5
28%
21 Gran Turismo 100
26%
46 Kirby 50
26%
37 Super Smash Bros. 72
26%
46 Marvel's Spider-Man 50
23%
46 Overwatch 50
21%
37 Counter-Strike 72
18%
29 Just Dance 90
15%
11 The Sims 200
15%
21 Tomb Raider 100
15%
44 Far Cry 60
13%
31 The Witcher 85
13%
27 WWE 2K 98
13%
21 Borderlands 100
10%
34 Civilization 80
8%
46 Destiny 50
8%
28 Dragon Quest 95
8%
18 Monster Hunter 125
5%
19 Pro Evolution Soccer 112.5
5%
34 The Walking Dead 80
3%
21 Bejeweled 100
0%
26 Tamagotchi 98.1
0%
42 The Oregon Trail 65
0%
36 Worms 75
0%
No matching quizzes found
Score Distribution
Percent of People with Each Score
Percentile by Number Answered
Your Score History
You have not taken this quiz